[Event "Washington Class-ch Master"]
[Site "Redmond"]
[Date "2012.11.24"]
[Round "2"]
[White "Feng, Roland"]
[Black "Kalina, Chris"]
[Result "1-0"]
[WhiteElo "2204"]
[BlackElo "2084"]
[PlyCount "65"]
[EventDate "2012.11.23"]
[EventType "swiss"]
[EventRounds "6"]
[EventCountry "USA"]
[SourceTitle "EXT 2017"]
[Source "ChessBase"]
[SourceDate "2016.10.25"]
[SourceVersion "1"]
[SourceVersionDate "2016.10.25"]
[SourceQuality "1"]

1. d4 Nf6 2. c4 c5 3. d5 b5 4. cxb5 a6 5. bxa6 g6 6. Nc3 Bxa6 7. e4 d6 8. Bxa6 Nxa6 9. Nge2 Bg7 10. 0-0 0-0 11. Bg5 Qb6 12. Rb1 Rfb8 13. b3 Qb4 14. Qd3 Qa3 15. Bc1 Nb4 16. Qc4 Qa6 17. Qxa6 Rxa6 18. a4 Nc2 19. f3 Nd4 20. Nxd4 cxd4 21. Nb5 Nd7 22. Bb2 Nc5 23. Ba1 d3 24. Bxg7 Kxg7 25. Kf2 Kf6 26. Ke3 e5 27. Rfc1 Ke7 28. Rxc5 dxc5 29. Kxd3 Rxb5 30. axb5 Ra2 31. b6 Kd6 32. b4 Ra3+ 33. Kc4 1-0

[Event "Washington State-ch Premier"]
[Site "Seattle"]
[Date "2008.02.10"]
[Round "4"]
[White "Levine, David M"]
[Black "Kalina, Chris"]
[Result "1-0"]
[WhiteElo "2199"]
[BlackElo "2108"]
[PlyCount "57"]
[EventDate "2008.02.09"]
[EventType "tourn"]
[EventRounds "9"]
[EventCountry "USA"]
[SourceTitle "EXT 2017"]
[Source "ChessBase"]
[SourceDate "2016.10.25"]
[SourceVersion "1"]
[SourceVersionDate "2016.10.25"]
[SourceQuality "1"]

1. b3 Nf6 2. Bb2 g6 3. g4 Bg7 4. g5 Nh5 5. Bxg7 Nxg7 6. Qc1 e5 7. Qb2 d6 8. Nf3 c5 9. d3 Nc6 10. Nbd2 Qe7 11. Ne4 Nh5 12. c4 f5 13. gxf6 Nxf6 14. Nfd2 Bd7 15. Nxf6+ Qxf6 16. Ne4 Qe7 17. Bg2 0-0 18. h4 Nd4 19. 0-0-0 Bc6 20. Rh2 a5 21. Qd2 a4 22. b4 cxb4 23. h5 g5 24. Nxg5 Nxe2+ 25. Kb2 a3+ 26. Ka1 Nf4 27. Be4 h6 28. Nf3 Kh8 29. Nh4 1-0

[Event "Washington State-ch Premier"]
[Site "Seattle"]
[Date "2007.02.17"]
[Round "6"]
[White "Ballard, Clint"]
[Black "Kalina, Chris"]
[Result "0-1"]
[WhiteElo "2062"]
[BlackElo "2079"]
[PlyCount "72"]
[EventDate "2007.02.10"]
[EventType "tourn"]
[EventRounds "9"]
[EventCountry "USA"]
[SourceTitle "EXT 2017"]
[Source "ChessBase"]
[SourceDate "2016.10.25"]
[SourceVersion "1"]
[SourceVersionDate "2016.10.25"]
[SourceQuality "1"]

1. f4 d5 2. Nf3 c5 3. g3 b6 4. Bg2 Bb7 5. 0-0 Nf6 6. d3 e6 7. Qe1 Be7 8. b3 0-0 9. Bb2 Nc6 10. e4 dxe4 11. dxe4 Nb4 12. e5 Nxc2 13. Qe2 Nxa1 14. exf6 Bxf6 15. Na3 Nxb3 16. axb3 Bxb2 17. Qxb2 Qd3 18. Nc4 Qd7 19. Nce5 Qc7 20. Qc2 h6 21. Bh3 Rad8 22. Qe2 Bd5 23. Qe3 Rd6 24. Nh4 Rfd8 25. f5 exf5 26. Bxf5 Be6 27. Ng4 Bd5 28. Re1 Bc6 29. Qe5 Qb8 30. Be4 Rd1 31. Bh7+ Kxh7 32. Qf5+ Kh8 33. Rxd1 Rxd1+ 34. Kf2 Qd8 35. Nf3 Bxf3 36. Qxf3 Qd2+ 0-1